Mohamed Bashir v Mohammad Safraz Ali and Mohamed Arshad Khan (Record no. 83317)
[ view plain ]
| 000 -LEADER | |
|---|---|
| fixed length control field | 01634cab a22001935a 4500 |
| 001 - CONTROL NUMBER | |
| control field | E153573 |
| 008 - FIXED-LENGTH DATA ELEMENTS--GENERAL INFORMATION | |
| fixed length control field | 110808e20110620xxk 000 0 eng d |
| 035 ## - SYSTEM CONTROL NUMBER | |
| System control number | (Sirsi) u153573 |
| 041 0# - LANGUAGE CODE | |
| Language code of text/sound track or separate title | eng |
| 245 00 - TITLE STATEMENT | |
| Title | Mohamed Bashir v Mohammad Safraz Ali and Mohamed Arshad Khan |
| Medium | [electronic resource] |
| 260 ## - PUBLICATION, DISTRIBUTION, ETC. | |
| Date of publication, distribution, etc. | 2011 |
| 520 ## - SUMMARY, ETC. | |
| Summary, etc. | [2011] EWCA Civ 707, 20 June 2011. Concerns a case where a property was sold at auction with an inaccurate description. The sale particulars indicated that the property consisted of a ground floor retail property and a first floor flat. Both the sellers (MSA and MAK) and the buyer, MB, believed this to be correct. In fact, the property also included a ground floor studio flat. The purchaser, MB, was appealing against a previous decision that the contract should be executed to sell the flat to MB subject to a 125 year lease on both the ground floor and first floor flats. "Held": there should be no interference with the language used in the documentation: the sale was of the registered freehold title to the property subject to the only two tenancies identified in the documentation: namely the existing shop lease and the lease-back of the first floor flat. The previous Judge's interpretation involves subjecting the sale to an incumbrance which is nowhere mentioned, and the appeal was therefore allowed. |
| 590 ## - LOCAL NOTE (RLIN) | |
| Local note | KA |
| 650 24 - SUBJECT ADDED ENTRY--TOPICAL TERM | |
| Topical term or geographic name entry element | BASHIR V ALI AND KHAN |
| 651 #4 - SUBJECT ADDED ENTRY--GEOGRAPHIC NAME | |
| Geographic name | England and Wales |
| Chronological subdivision | 1543- |
| 690 ## - LOCAL SUBJECT ADDED ENTRY--TOPICAL TERM (OCLC, RLIN) | |
| Topical term or geographic name as entry element | PROPERTY-ACQUISITION AND DISPOSAL OF PROPERTY |
| 856 40 - ELECTRONIC LOCATION AND ACCESS | |
| Uniform Resource Identifier | <a href="https://www.bailii.org/ew/cases/EWCA/Civ/2011/707.html">https://www.bailii.org/ew/cases/EWCA/Civ/2011/707.html</a> |
| Public note | View the judgement free of charge at www.bailii.org |
| 942 ## - ADDED ENTRY ELEMENTS (KOHA) | |
| Suppress in OPAC | 0 |
| Withdrawn status | Lost status | Source of classification or shelving scheme | Damaged status | Not for loan | Home library | Current library | Shelving location | Date acquired | Total Checkouts | Full call number | Barcode | Date last seen | Copy number | Price effective from | Koha item type |
|---|---|---|---|---|---|---|---|---|---|---|---|---|---|---|---|
| Dewey Decimal Classification | Virtual | Virtual | Online | 08/08/2011 | ONLINE PUBLICATION | 153573-2001 | 06/08/2019 | 1 | 06/08/2019 | Law report |